00411nam a22001457a 4500003000400000008004100004082001800045100002800063245007700091260004400168300000900212502001500221650002000236650000900256OSt260416b |||||||| |||| 00| 0 eng d a589.222bC32S aChaudhary, Sanjay Kumar aStudies on Production and Management of Oyster Mushroom (Pleurotus spp.) aPusa, SamastipurbRAU, Samastipurc2003 a71P. bMsc.d2003 aPlant Pathology aMsc.